Representing landscapes : analogue (Record no. 9468)

000 -LEADER
fixed length control field 00349nam a2200145 4500
003 - CONTROL NUMBER IDENTIFIER
control field OSt
005 - DATE AND TIME OF LATEST TRANSACTION
control field 20210623172213.0
008 - FIXED-LENGTH DATA ELEMENTS--GENERAL INFORMATION
fixed length control field 210623b ||||| |||| 00| 0 eng d
020 ## - INTERNATIONAL STANDARD BOOK NUMBER
International Standard Book Number 9781138485570
082 ## - DEWEY DECIMAL CLASSIFICATION NUMBER
Classification number 712
Item number AMO
100 ## - MAIN ENTRY--PERSONAL NAME
Personal name Amoroso, Nadia
245 ## - TITLE STATEMENT
Title Representing landscapes : analogue
260 ## - PUBLICATION, DISTRIBUTION, ETC. (IMPRINT)
Place of publication, distribution, etc London
Name of publisher, distributor, etc Routledge
Date of publication, distribution, etc 2019
942 ## - ADDED ENTRY ELEMENTS (KOHA)
Source of classification or shelving scheme
Holdings
Withdrawn status Lost status Source of classification or shelving scheme Damaged status Koha normalized classification for sorting Not for loan Permanent location Current location Date acquired Total Checkouts Full call number Barcode Date last seen Date last borrowed Price effective from Koha item type
        712_000000000000000_AMO   BMS College of Architecture, Design and Planning BMS College of Architecture, Design and Planning 2021-06-23 2 712 AMO AR-UG2169 2024-03-01 2024-02-27 2021-06-23 UG Books
Copyright © 2025, The Librarian, Library and Information Centre, BMSCA D&P, Bengaluru. All Rights Reserved
web counter

Powered by Koha